Normal view
MARC view
- Allan, William
Entry Personal Name
001 - CONTROL NUMBER
- control field: 50418
003 - CONTROL NUMBER IDENTIFIER
- control field: NUST
005 - DATE AND TIME OF LATEST TRANSACTION
- control field: 20210314134627.0
008 - FIXED-LENGTH DATA ELEMENTS
- fixed length control field: 210314|| aca||aabn | a|a d
040 ## - CATALOGING SOURCE
- Original cataloging agency: NUST
- Transcribing agency: NUST
100 ## - HEADING--PERSONAL NAME
- Personal name: Allan, William
670 ## - SOURCE DATA FOUND
- Source citation: Work cat.: (NUST): Allan, William,, History of the campaign of Gen. T.J. (Stonewall) Jackson in the Shenandoah Valley of Virginia :, 1880.
